| 000 | 00779nam a2200181 4500 | ||
|---|---|---|---|
| 005 | 20250623120356.0 | ||
| 008 | 170117b mx ||||| |||| 00| 0 spa d | ||
| 020 | _a968610187X | ||
| 050 | 0 | 4 |
_aT173 .I57 _bG88 1998 |
| 100 | 1 | _aGutierrez T. Formoso, Alberto. | |
| 245 | 1 | 0 |
_aAcontecer historico del Iteso, 1957-1997 _c/ Alberto Gutierrez T. Formoso |
| 250 | _a1a ed. | ||
| 260 |
_aTlaquepaque, Jalisco, México : _bInstituto Tecnológico y de Estudios Superiores de Occidente (ITESO), _c1997-1998. |
||
| 300 |
_av. ; _c23 cm. |
||
| 505 |
_tv. 2. Lo académico desde los documentos oficiales -- _tv. 3. Lo organizacional-administrativo |
||
| 610 | 2 |
_aInstituto Tecnológico de Estudios Superiores de Occidente _xHistoria _zGuadalajara, Jalisco, México |
|
| 942 |
_2lcc _cLIB |
||
| 999 |
_c124026 _d124026 |
||